Catálogo de la Biblioteca Horacio González - Universidad Nacional de General Sarmiento

Modelización (Registro nro. 47625)

Detalles MARC
000 -CABECERA
campo de control de longitud fija 01227nac a22003010a 4500
001 - NÚMERO DE CONTROL
campo de control PT3705
003 - IDENTIFICADOR DEL NÚMERO DE CONTROL
campo de control AR-LpoUNG
005 - FECHA Y HORA DE LA ÚLTIMA TRANSACCIÓN
campo de control 20260115115337.0
008 - DATOS DE LONGITUD FIJA--INFORMACIÓN GENERAL
campo de control de longitud fija 201001s2000||||ag |||||||||||||||||spa d
040 ## - FUENTE DE LA CATALOGACIÓN
Centro catalogador/agencia de origen AR-LpoUNG
Lengua de catalogación spa
Normas de descripción aacr
041 ## - CÓDIGO DE LENGUA
Código de lengua del texto/banda sonora o título independiente spa
044 ## - CÓDIGO DEL PAÍS DE LA ENTIDAD EDITORA/PRODUCTORA
Código MARC del país ag
082 0# - NÚMERO DE LA CLASIFICACIÓN DECIMAL DEWEY
Número de clasificación 510 197vII
100 1# - ENTRADA PRINCIPAL--NOMBRE DE PERSONA
Nombre de persona Falsetti, Marcela
245 10 - MENCIÓN DE TÍTULO
Título Modelización
250 ## - MENCIÓN DE EDICIÓN
Mención de edición 1ra. ed.
260 ## - PUBLICACIÓN, DISTRIBUCIÓN, ETC.
Lugar de publicación, distribución, etc. Buenos Aires :
Nombre del editor, distribuidor, etc. Universidad Nacional de General Sarmiento,
Fecha de publicación, distribución, etc. 2000.
300 ## - DESCRIPCIÓN FÍSICA
Extensión 43 p. :
Otras características físicas gráfs.
490 0# - MENCIÓN DE SERIE
Mención de serie Guía de matemática para el curso de aprestamiento universitario
520 ## - SUMARIO, ETC.
Sumario, etc. Segundo módulo de la guía de aprestamiento universitario. Cuenta con una serie de problemas que sirven para contextualizar los conocimientos relativos a funciones numéricas elementales .También cuenta con una serie de ejercicios descontextualizados en donde se trata de focalizar el estudio de los temas matemáticos para iniciar a los estudiantes en una práctica de estudio universitario en General y matemática en particular.
650 #4 - PUNTO DE ACCESO ADICIONAL DE MATERIA--TÉRMINO DE MATERIA
Término de materia o nombre geográfico como elemento de entrada ENSEÑANZA
650 #4 - PUNTO DE ACCESO ADICIONAL DE MATERIA--TÉRMINO DE MATERIA
Término de materia o nombre geográfico como elemento de entrada MATEMATICAS
700 1# - PUNTO DE ACCESO ADICIONAL--NOMBRE DE PERSONA
Nombre de persona Figliola, Alejandra
700 1# - PUNTO DE ACCESO ADICIONAL--NOMBRE DE PERSONA
Nombre de persona Kulesz, Leopoldo
700 1# - PUNTO DE ACCESO ADICIONAL--NOMBRE DE PERSONA
Nombre de persona Rodríguez, Mabel A.
905 ## - ELEMENTOS DE DATOS E LOCAL, LDE (RLIN)
a 3705
942 ## - ELEMENTOS DE PUNTO DE ACCESO ADICIONAL (KOHA)
Tipo de ítem Koha Libro
Fuente del sistema de clasificación o colocación Dewey Decimal Classification
Existencias
Estado de retiro Estado de pérdida Estado dañado No para préstamo Código de colección Localización permanente Ubicación/localización actual Fecha de adquisición Total de préstamos Signatura topográfica completa Código de barras Fecha visto por última vez Precio válido a partir de Tipo de ítem Koha Fuente del sistema de clasificación o colocación Fecha del último préstamo Renovaciones totales En préstamo
        Colección Ediciones UNGS Biblioteca Universidad Nacional de General Sarmiento Biblioteca Universidad Nacional de General Sarmiento 01/02/2021   510 197vII CUNGS1325 01/02/2021 01/02/2021 Libro        
Retirado     No es para préstamo Colección Ediciones UNGS Biblioteca Universidad Nacional de General Sarmiento Biblioteca Universidad Nacional de General Sarmiento 01/02/2021   510 197vII CUNGS1424 01/02/2021 01/02/2021 Libro Dewey Decimal Classification      
        Colección General Biblioteca Universidad Nacional de General Sarmiento Biblioteca Universidad Nacional de General Sarmiento 01/02/2021 4 510 197vII 00008648 07/06/2024 01/02/2021 Libro   03/06/2024    
        Colección General Biblioteca Universidad Nacional de General Sarmiento Biblioteca Universidad Nacional de General Sarmiento 01/02/2021   510 197vII 00008650 01/02/2021 01/02/2021 Libro        
        Colección General Biblioteca Universidad Nacional de General Sarmiento Biblioteca Universidad Nacional de General Sarmiento 01/02/2021 7 510 197vII 00012643 22/03/2024 01/02/2021 Libro   15/03/2024 1  
        Colección General Biblioteca Universidad Nacional de General Sarmiento Biblioteca Universidad Nacional de General Sarmiento 01/02/2021 4 510 197vII 00012645 02/03/2023 01/02/2021 Libro   23/02/2023    
        Colección General Biblioteca Universidad Nacional de General Sarmiento Biblioteca Universidad Nacional de General Sarmiento 01/02/2021 5 510 197vII 00012652 02/03/2023 01/02/2021 Libro   27/02/2023    
        Colección General Biblioteca Universidad Nacional de General Sarmiento Biblioteca Universidad Nacional de General Sarmiento 01/02/2021 1 510 197vII 00016278 26/05/2022 01/02/2021 Libro   26/05/2022 1 27/06/2022
        Colección General Biblioteca Universidad Nacional de General Sarmiento Biblioteca Universidad Nacional de General Sarmiento 11/03/2023   510 197vII S00068141 11/03/2023 11/03/2023 Lectura en Sala Dewey Decimal Classification